MARC details
| 000 -CABECERA |
| campo de control de longitud fija |
01284nam a2200385 a 4500 |
| 001 - NÚMERO DE CONTROL |
| campo de control |
991008776369706706 |
| 003 - IDENTIFICADOR DEL NÚMERO DE CONTROL |
| campo de control |
ES-BaIT |
| 005 - FECHA Y HORA DE LA ÚLTIMA TRANSACCIÓN |
| campo de control |
20260202085348.0 |
| 008 - DATOS DE LONGITUD FIJA--INFORMACIÓN GENERAL |
| campo de control de longitud fija |
010710s2001 sp |||||| 000 ||spa|c |
| 017 ## - NÚMERO DE COPYRIGHT O DE DEPÓSITO LEGAL |
| Número de copyright o de depósito legal |
DL M. 7766-2001 |
| 020 ## - NÚMERO INTERNACIONAL ESTÁNDAR DEL LIBRO |
| Número Internacional Estándar del Libro |
8477388660 |
| 035 ## - NÚMERO DE CONTROL DEL SISTEMA |
| Número de control de sistema |
(ES-BaCBU).b27042996 |
| 035 ## - NÚMERO DE CONTROL DEL SISTEMA |
| Número de control de sistema |
(OCoLC)807340851 |
| 040 ## - FUENTE DE LA CATALOGACIÓN |
| Centro catalogador/agencia de origen |
ES-BaCBU |
| Lengua de catalogación |
cat |
| Centro/agencia transcriptor |
ES-BaCBU |
| 080 ## - NÚMERO DE LA CLASIFICACIÓN DECIMAL UNIVERSAL |
| Número de la Clasificación Decimal Universal |
371.13 |
| 080 ## - NÚMERO DE LA CLASIFICACIÓN DECIMAL UNIVERSAL |
| Número de la Clasificación Decimal Universal |
371 |
| 084 ## - OTRO NÚMERO DE CLASIFICACIÓN |
| Número de clasificación |
371.2 |
| Fuente del número |
CDUcat |
| 100 ## - ENTRADA PRINCIPAL--NOMBRE DE PERSONA |
| Nombre de persona |
Rué, Joan |
| 9 (RLIN) |
111445 |
| 245 13 - MENCIÓN DE TÍTULO |
| Título |
La Acción docente en el centro y en el aula / |
| Mención de responsabilidad, etc. |
Joan Rué Domingo |
| 260 ## - PUBLICACIÓN, DISTRIBUCIÓN, ETC. |
| Lugar de publicación, distribución, etc. |
Madrid : |
| Nombre del editor, distribuidor, etc. |
Síntesis, |
| Fecha de publicación, distribución, etc. |
2001 |
| 300 ## - DESCRIPCIÓN FÍSICA |
| Extensión |
238 p.; |
| Dimensiones |
22 cm |
| 504 ## - NOTA DE BIBLIOGRAFÍA, ETC. |
| Nota de bibliografía, etc. |
Bibliografia |
| 650 07 - PUNTO DE ACCESO ADICIONAL DE MATERIA--TÉRMINO DE MATERIA |
| Término de materia o nombre geográfico como elemento de entrada |
Escoles |
| Subdivisión general |
Administració i organització |
| 9 (RLIN) |
56807 |
| 650 00 - PUNTO DE ACCESO ADICIONAL DE MATERIA--TÉRMINO DE MATERIA |
| Término de materia o nombre geográfico como elemento de entrada |
Professors |
| Subdivisión general |
Actituds |
| 9 (RLIN) |
107635 |
| 650 07 - PUNTO DE ACCESO ADICIONAL DE MATERIA--TÉRMINO DE MATERIA |
| Término de materia o nombre geográfico como elemento de entrada |
Ensenyament |
| Subdivisión general |
Treball en equip |
| 9 (RLIN) |
56783 |
| 650 07 - PUNTO DE ACCESO ADICIONAL DE MATERIA--TÉRMINO DE MATERIA |
| Término de materia o nombre geográfico como elemento de entrada |
Alumnes |
| Subdivisión general |
Avaluació |
| 9 (RLIN) |
56145 |
| 650 #7 - PUNTO DE ACCESO ADICIONAL DE MATERIA--TÉRMINO DE MATERIA |
| Término de materia o nombre geográfico como elemento de entrada |
Disseny curricular |
| 9 (RLIN) |
56686 |
| 650 07 - PUNTO DE ACCESO ADICIONAL DE MATERIA--TÉRMINO DE MATERIA |
| Término de materia o nombre geográfico como elemento de entrada |
Aprenentatge |
| 9 (RLIN) |
56186 |
| 650 07 - PUNTO DE ACCESO ADICIONAL DE MATERIA--TÉRMINO DE MATERIA |
| Término de materia o nombre geográfico como elemento de entrada |
Planificació educativa |
| Fuente del encabezamiento o término |
lemac |
| 9 (RLIN) |
57547 |
| 650 07 - PUNTO DE ACCESO ADICIONAL DE MATERIA--TÉRMINO DE MATERIA |
| Término de materia o nombre geográfico como elemento de entrada |
Comunicació en l'educació |
| 9 (RLIN) |
56479 |
| 830 ## - PUNTO DE ACCESO ADICIONAL DE SERIE-TÍTULO UNIFORME |
| Título uniforme |
Síntesis educación. |
| Nombre de parte o sección de la obra |
Didáctica y organización escolar |
| Designación de volumen o secuencia |
13 |
| 9 (RLIN) |
95383 |
| 907 ## - ELEMENTOS DE DATOS G LOCAL, LDG (RLIN) |
| a |
.b27042996 |
| b |
26-02-21 |
| c |
08-05-08 |
| d |
10-07-01 |
| e |
m |
| f |
a |
| g |
- |
| h |
spa |
| i |
sp |
| j |
3 |
| k |
9 |
| 908 ## - COLOCAR PARÁMETRO DE COMANDO (RLIN) |
| Colocar parámetro de comando |
RS |
| -- |
UAB |
| -- |
UdL |
| -- |
UOC |
| -- |
UPC |
| -- |
URV |
| -- |
URL |
| -- |
CDMAE |
| 942 ## - ELEMENTOS DE ENTRADA AGREGADA (KOHA) |
| Fuente del sistema de clasificación o colocación |
Clasificación decimal universal |
| Tipo de ítem Koha |
Llibre |